000 02022nam a22002777a 4500
001 4587
003 FISKH
005 20240917130930.0
008 240917b cb ||||| |||| 00| 0 eng d
040 _aFISKH
_bBilingual
_cFISKH
_dFISKh
050 _aPZ7
082 _a800
100 _aAnonymous
_eauthor
245 _aនាងរ៉ាពុនហ្សែល /
_cby Anonymous
300 _a16 pages :
_bcolor illustrations ;
_c22 cm .
490 _aរឿងនិទានសម្រាប់កុមារ
505 _aK
520 _aមានប្តីប្រពន្ធក្រីក្រមួយគូរស្ត្រីជាប្រពន្ធមានផ្ទៃពោះហើយនាងនឺកឃ្លានសាឡាត់រ៉ាពុនហ្សែលដែលជាសាឡាត់របស់មេធ្មប់។ប្តីក៏យកសាឡាត់អោយប្រពន្ធហើយសន្យាថានឺងអោយកូនទៅមេធ្មប់នោះ ។​មេធ្មប់បានដាក់ឈ្មៅះអោយនាងថារ៉ាពុនហ្សែលហើយមេធ្មប់ក៏បានបានចាក់សោនាងនៅក្នុងបន្ទប់នៃកំពូលប៉មមួយ​។ ក្រោយមកមានព្រះអង្គបានលឺចំរៀងរបស់នាងក៏ឡើងទៅលើប៉មជួបនាង ។
520 _aA poor couple, a pregnant woman, are hungry for Rapunzel salad, a witch's salad. The husband gives his wife a salad and promises to give the child to the witch. The witch named her Rapunzel, and the witch locked her in a room on top of a tower. Later, when he heard her singing, he went up to the tower to meet her.
521 8 _a510
_bLexile estimate
521 8 _aK
_bRaz-Plus
650 _aព្រះអង្គម្ចាស់
650 _aprince
942 _2ddc
_cKHB
_n0
999 _c4587
_d4587